MARC

Tag First Indicator Second Indicator Subfields
LEADER 00000cam a22000004a 4500
001 in00002247243
005 20151104195847.0
008 061108s2007 nyub b 000 0deng
010 |a  2006052793 
020 |a 9780143104988 
020 |a 0143104985 
035 |a (OCoLC)ocm76864683 
035 |a (OCoLC)76864683 
040 |a DLC  |c DLC  |d BAKER  |d BTCTA  |d C#P  |d UtOrBLW 
043 |a n-usn--  |a n-us-ma 
049 |a TXAM 
050 0 0 |a F7  |b .B757 2007 
082 0 0 |a 974/.02  |2 22 
100 1 |a Bradford, William,  |d 1590-1657. 
245 1 4 |a The Mayflower papers :  |b selected writings of colonial New England /  |c William Bradford, Mary Rowlandson, Benjamin Church, and others ; edited with an introduction and notes by Nathaniel Philbrick and Thomas Philbrick. 
264 1 |a New York :  |b Penguin Books,  |c 2007. 
300 |a xii, 312 pages :  |b map ;  |c 20 cm. 
336 |a text  |b txt  |2 rdacontent 
337 |a unmediated  |b n  |2 rdamedia 
338 |a volume  |b nc  |2 rdacarrier 
490 1 |a Penguin classics 
504 |a Includes bibliographical references (pages [289]-312). 
651 0 |a New England  |x History  |y Colonial period, ca. 1600-1775. 
651 0 |a Massachusetts  |x History  |y Colonial period, ca. 1600-1775. 
651 0 |a Massachusetts  |x History  |y New Plymouth, 1620-1691. 
650 0 |a Pilgrims (New Plymouth Colony)  |v Early works to 1800. 
651 0 |a New England  |x Description and travel  |v Early works to 1800. 
651 0 |a Massachusetts  |x Description and travel  |v Early works to 1800. 
650 0 |a Indians of North America  |z New England  |x History  |y 17th century. 
650 0 |a Indian captivities  |z Massachusetts. 
650 0 |a King Philip's War, 1675-1676. 
700 1 |a Rowlandson, Mary White,  |d approximately 1635-1711. 
700 1 |a Church, Benjamin,  |d 1639-1718. 
700 1 |a Philbrick, Nathaniel. 
700 1 |a Philbrick, Thomas. 
830 0 |a Penguin classics. 
938 |a Baker & Taylor  |b BKTY  |c 15.00  |d 11.25  |i 0143104985  |n 0007045550  |s active 
938 |a Baker and Taylor  |b BTCP  |n 2006052793 
945 |a PromptCat  |b 134561 
946 |a stk 
947 |a A14835613055 
948 |a cataloged  |b h  |c 2007/5/24  |d c  |e achopde  |f 1:13:04 pm 
994 |a 92  |b TXA 
999 |a MARS 
999 f f |s f1441af1-206d-3846-81a0-baec2dc246ed  |i 2fc63cdf-e1b4-389d-bc0f-a2f8086789f3  |t 0 
952 f f |p normal  |a Texas A&M University  |b College Station  |c Sterling C. Evans Library  |d Evans: Library Stacks  |t 0  |e F7 .B757 2007  |h Library of Congress classification  |i unmediated -- volume  |m A14835613055 
998 f f |a F7 .B757 2007  |t 0  |l Evans: Library Stacks